ENSAYOS SOBRE ESTABILIDAD Y DESARROLLO ECONOMICOS /

TRADUCCION DE: ESSAYS ON ECONOMIC STABILITY AND GROWTH

Збережено в:
Бібліографічні деталі
Автор: Kaldor, Nicholas (autor)
Формат: Книга
Серія:BIBLIOTECA TECNOS DE CIENCIAS SOCIALES; 14
Предмети:
Теги: Додати тег
Немає тегів, Будьте першим, хто поставить тег для цього запису!

MARC

LEADER 00000nam^a2200000^a^4500
001 000231958
005 20250521000000.0
009 20260310104541.251
035 |a 053531 
037 |a Acervo Xavier Clavigero 
082 |a 338. 9  |b KAL 
100 |a Kaldor, Nicholas  |e (autor) 
245 1 0 |a ENSAYOS SOBRE ESTABILIDAD Y DESARROLLO ECONOMICOS /  |c NICHOLAS KALDOR; TR. ANA MARIA PUJANA 
264 |a MADRID :  |b TECNOS,  |c 1969 
300 |a 284p. 
336 |a texto  |b txt  |2 rdacontenido 
337 |a sin mediación  |b n  |2 rdamedio 
338 |a volumen  |b nc  |2 rdasoporte 
440 |a BIBLIOTECA TECNOS DE CIENCIAS SOCIALES;  |v 14 
520 |a TRADUCCION DE: ESSAYS ON ECONOMIC STABILITY AND GROWTH 
520 |a INDICE 
649 |a XX 
650 |a Desarrollo Económico-Social 
910 |a Fondo General 
920 |a Impresos - Libros 
930 |a Colección General 
905 |a 101 
901 |a 053531  |b IT1  |c ACC  |i 053531  |u 20250521 
902 |a https://opac.biblio.iteso.mx/vufind/Record/000231958